00426nam a2200169Ia 4500008004100000020001800041050001400059100001900073245003200092245004300124260001500167260001600182260000900198300001400207300002500221300001000246180207s9999 xx 000 0 und d a9780545785631 bC533 2013 aChiew, Suzanne aI love you more each day! / cby Suzanne Chiew and Tina Macnaughton. aNew York : bScholastic, c2013 aunpaged : bcolor illustration ; c25cm.